Co-operative accounts (Record no. 92387)
[ view plain ]
| 000 -LEADER | |
|---|---|
| fixed length control field | 00378nam a2200145Ia 4500 |
| 008 - FIXED-LENGTH DATA ELEMENTS--GENERAL INFORMATION | |
| fixed length control field | 230125s9999 xx 000 0 und d |
| 041 ## - LANGUAGE CODE | |
| Language code of text/sound track or separate title | eng |
| 082 ## - DEWEY DECIMAL CLASSIFICATION NUMBER | |
| Classification number | 657 |
| Item number | SIN |
| 100 ## - MAIN ENTRY--PERSONAL NAME | |
| Personal name | Sinnarkar P N |
| 9 (RLIN) | 114802 |
| 245 ## - TITLE STATEMENT | |
| Title | Co-operative accounts |
| 260 ## - PUBLICATION, DISTRIBUTION, ETC. (IMPRINT) | |
| Date of publication, distribution, etc. | 2003 |
| Name of publisher, distributor, etc. | Pragati publications |
| Place of publication, distribution, etc. | Pune |
| 300 ## - PHYSICAL DESCRIPTION | |
| Extent | 174p |
| 700 ## - ADDED ENTRY--PERSONAL NAME | |
| Personal name | Sinnarkar P N & Belwale U R |
| 9 (RLIN) | 114803 |
| Withdrawn status | Lost status | Damaged status | Not for loan | Home library | Current library | Date acquired | Vendor | Full call number | Barcode | Date last seen | Bill Date | Koha item type | Original Barcode |
|---|---|---|---|---|---|---|---|---|---|---|---|---|---|
| Smt. Hiraben Nanavati Institute of Management & Research for Women | Smt. Hiraben Nanavati Institute of Management & Research for Women | 25/11/2005 | Satya Gilani | 657 SIN DB0969 | HIMR-DB-969 | 25/01/2023 | 19/11/2005 | Donated Book | DB0969 |